000 00346cam a2200145ua 4500
041 _aeng
_h
082 _a320.01
_bLIN/PL
100 _aLindsay, .
245 _aPlado`s Republic /
_cLindsay.
_hTextual Documents
260 _aLondon :
_bJ M Dent and Sons Ltd ,
_c1961.
300 _a325 ; .
504 _a
942 _cBK
999 _c1818
_d1818